=LDR 00000nam 2200000 4500 =001 INLIS000000000048373 =005 20161026102516.0 =006 =007 =008 =020 ##$$a 978-979-29-29-2608-8 =035 ##$$0010-101600000000131 =040 ##$$a NBPDMAT =082 ##$$a 631.875 =090 ##$$a 631.875$Her k =100 ##$$a Hery Soeryoko =245 ##$$a Kiat pintar memproduksi kompos dengan pengurai buatan sendiri $c Hery Soeryoko; editor Benedicta Rini W =260 ##$$a Yogyakarta $b Andi $c [ s.a ] =300 ##$$a x, 112 hlm. : $b ilus. ; $c 21 cm =500 ##$$a Biblliografi hlm : 109 - 110 =650 ##$$a Kompos =700 ##$$a Bendicta Rini W =850 ##$$a NBPDMAT =990 ##$$a 51600167